000 00533nam a22001817a 4500
005 20251108164334.0
008 250721s1991 xx 000 0 ara d
082 1 4 _a500/سلم
100 1 _aالناشف، سلمى
245 1 0 _aمفاهيم أساسية في العلوم و الرياضيات /
264 1 _aإربد :
_bدار الأمل للنشر و التوزيع،
_c1991.
300 _a96ص
650 1 7 _aالعلوم
650 1 7 _aالتدريس
650 1 7 _aالرياضيات
942 _2ddc
_cBK
999 _c9696
_d9696